Normal view
MARC view
Entry Topical Term
001 - CONTROL NUMBER
- control field: 32870
003 - CONTROL NUMBER IDENTIFIER
- control field: dpl
005 - DATE AND TIME OF LATEST TRANSACTION
- control field: 20110816155255.0
008 - FIXED-LENGTH DATA ELEMENTS
- fixed length control field: 110816|||a|||||| | ||| d
040 ## - CATALOGING SOURCE
- Original cataloging agency: dpl
- Transcribing agency: dpl
150 ## - HEADING--TOPICAL TERM
- Topical term or geographic name as entry element: Fiscal policy
- Geographic subdivision: India
670 ## - SOURCE DATA FOUND
- Source citation: Work cat.: (dpl)40653: Chelliah, Raja J. 32868, Political economy of poverty eradication in India and essays on fiscal reform /, 2010
670 ## - SOURCE DATA FOUND
- Source citation: Work cat.: (dpl)40653: Chelliah, Raja J. 32868, Political economy of poverty eradication in India and essays on fiscal reform /, 2010
